The application of GPSS V to discrete system simulation /
Guardado en:
| Autor Principal: | |
|---|---|
| Formato: | Libro |
| Idioma: | English |
| Publicado: |
Englewood Cliffs, N.J. :
Prentice-Hall,
c1975.
|
| Materias: | |
| Etiquetas: |
Agregar Etiqueta
Sin Etiquetas, Sea el primero en etiquetar este registro!
|
| LEADER | 00886cam a22002415a 4500 | ||
|---|---|---|---|
| 001 | EIQ.libpla003007 | ||
| 008 | 741011s1975####njua#####b####001#0#eng#d | ||
| 005 | 20071002184507.0 | ||
| 245 | 1 | 4 | |a The application of GPSS V to discrete system simulation / |c Geoffrey Gordon. |
| 260 | |a Englewood Cliffs, N.J. : |b Prentice-Hall, |c c1975. | ||
| 300 | |a x, 389 p. : |b il. ; |c 25 cm. | ||
| 504 | |a Bibliografía: p. 378-386. | ||
| 500 | |a Incluye índice. | ||
| 020 | |a 0130390577 | ||
| 100 | 1 | |a Gordon, Geoffrey, |d 1924- | |
| 082 | 0 | 0 | |a 003 |
| 650 | 4 | |a Simulación por computadores digitales |x Aplicación. | |
| 650 | 4 | |a GPSS (Lenguaje programación de computadores) |x Aplicación. | |
| 650 | 4 | |a Digital computer simulation |x Application. | |
| 650 | 4 | |a GPSS (Computer program language) |x Application. | |
| 010 | |a 74023807 | ||
| 040 | |a DLC |c DLC |d AR-BbSID | ||
| 859 | |a AR-BbSID |b BIB. PLAPIQUI |h 003 |i G 69 |p 94 | ||
